000 00581nam a22001817a 4500
003 CEME
005 20210628210022.0
008 210210b xxu||||| |||| 00| 0 eng d
020 _a0-89006-470-9
040 _c.
082 _a621.3672 DRI
100 _aDriggers, Ronald.G Edwards, Timothy Cox, Paul
_977859
245 _aIntroduction to infrared and electro-optical systems
260 _aBOSTON
_bARTECH HOUSE
_c1999
300 _a399P
650 _aELECTROOPTICS IMAGING SYSTEMS INFRARED EQUIPMEN OPTOELECTRONICS ELECTROOPTICS INFRARED TECHNOLOGY
_977860
942 _cBK
_2ddc
999 _c583056
_d583056